000
00321nam a2200145Ia 4500
100
_a
Stroustrup/ Bjarne
942
_c
BK
654
_a
Computer
245
_a
The Design of Evolution of C++
260
_b
Addison Wesley Pub
_a
Reading
_c
1994
082
_a
5.133
_b
STR
300
_a
461
546
_a
ENGLISH
999
_c
21334
_d
21334